| 000 | 00570nam a2200169 4500 | ||
|---|---|---|---|
| 001 | 116201 | ||
| 003 | ES-MaACL | ||
| 005 | 20230906190646.0 | ||
| 007 | t| | ||
| 008 | 061121s1908 fr r ||||1| fre d | ||
| 100 | 1 |
_aParisot, Jacques. _989158 |
|
| 245 | 1 | 0 |
_aPression artérielle et glandes a secretion interne _b: essai de Pathologie expérimentale / _cpar Jacques Parisot : préface de M. le professeur H. Roger. |
| 260 |
_aParis : _bJ. b. Baillière et Fih, _c1908. |
||
| 300 |
_aX, 562 p. ; _c25 cm. |
||
| 700 | 1 |
_aRoger, H. _998930 |
|
| 852 |
_aES-MaACL _jB-12104 |
||
| 999 |
_c116201 _d116201 |
||